Normale Ansicht MARC-Ansicht ISBD

Geschichte der Stadt Berlin/ (Titelsatznr. 373743)

[ MARC ]
MARC-Details
000 -Satzkennung
Kontrollfeld mit fester Länge 01919cam a2200553 c 4500
001 - Kontrollnummer
Kontrollfeld 119252104
003 - Kontrollnummer Identifier
Kontrollfeld DE-627
005 - Datum und Zeit der letzten Transaktion
Kontrollfeld 20250428125952.0
007 - Feld mit fester Länge zur physischen Beschreibung - Allgemeine Information
Kontrollfeld mit fester Länge tu
008 - Feld mit fester Länge zur physischen Beschreibung - Allgemeine Angaben
Kontrollfeld mit fester Länge 921229s1992 gw ||||| 00| ||ger c
015 ## - Nummer der Nationalbibliografie
Nummer der Nationalbibliografie 92,N35,0785
Quelle dnb
015 ## - Nummer der Nationalbibliografie
Nummer der Nationalbibliografie 92,A51,1463
Quelle dnb
016 7# - Kontrollnummer der nationalbibliografischen Agentur
Datensatzkontrollnummer 921066902
Quelle DE-101
020 ## - Internationale Standardbuchnummer
Internationale Standardbuchnummer 3411102012
Bezugsbedingungen (kart.)
035 ## - Systemkontrollnummer
System-Kontrollnummer (DE-627)119252104
035 ## - Systemkontrollnummer
System-Kontrollnummer (DE-576)031443729
035 ## - Systemkontrollnummer
System-Kontrollnummer (DE-599)GBV119252104
035 ## - Systemkontrollnummer
System-Kontrollnummer (OCoLC)260216548
035 ## - Systemkontrollnummer
System-Kontrollnummer (OCoLC)29638841
035 ## - Systemkontrollnummer
System-Kontrollnummer (OCoLC)260216548
040 ## - Katalogisierungsquelle
Original-Katalogisierungsstelle DE-627
Katalogisierungssprache ger
Übertragungsstelle DE-627
Beschreibungsfestlegungen rakwb
Bearbeitungsstelle DE-2950
041 ## - Sprachcode
Sprachcode des Textes/der Tonspur oder des separaten Titels ger
044 ## - Ländercode der veröffentlichenden/herstellenden Stelle
ISO-Ländercode XA-DE
-- XA-AT
-- XA-CH
050 #0 - Signatur der Library of Congress
Notation DD860
082 0# - Notation nach der Dewey Decimal Classification
Notation 943.1/55 20
Zuweisende Stelle OCLC
Ausgabenummer 22
082 0# - Notation nach der Dewey Decimal Classification
Notation 943.1/55
084 ## - Andere Notation
Notation 63
-- 61
Quelle der Nummer sdnb
084 ## - Andere Notation
Notation NR 6910
Quelle der Nummer rvk
IDN des Normdatensatzes oder Standardnummer (DE-625)rvk/129679:
084 ## - Andere Notation
Notation 15.46
Quelle der Nummer bkl
100 1# - Haupteintragung - Personenname
Feldverknüpfung und Reihenfolge 1\p
Personenname Haus, Wolfgang
Datumsangaben in Verbindung mit einem Namen 1927-2018
IDN des Normdatensatzes oder Standardnummer (DE-588)170352161
-- (DE-627)060429879
-- (DE-576)131246763
Code für Beziehungskennzeichnung aut
245 10 - Titel
Titel Geschichte der Stadt Berlin/
Verfasserangabe etc. Wolfgang Haus
264 #1 - Produktion, Veröffentlichung, Distribution, Herstellung und Urheberrechtsvermerk
Herstellungs-, Veröffentlichungs- Vertriebs-, Erzeugungsort Mannheim;
-- Leipzig;
-- Wien;
-- Zürich:
Produzent, Herausgeber, Distributor, Hersteller BI-Taschenbuch-Verl.,
Datum der Herstellung, der Veröffentlichung, des Vertriebs oder des Urheberschutzvermerks 1992
300 ## - Physische Beschreibung
Umfang 128 S.:
Andere physische Details Ill.
Maße 18 cm
336 ## - Inhaltstyp
Inhaltstypterm Text
Inhaltstypcode txt
Quelle rdacontent
337 ## - Medientyp
Bezeichnung des Medientyps ohne Hilfsmittel zu benutzen
Medientypcode n
Quelle rdamedia
338 ## - Datenträgertyp
Datenträgertypbezeichnung Band
Datenträgertypcode nc
Quelle rdacarrier
490 1# - Gesamttitelangabe
Gesamttitelangabe Meyers Forum;
Bandnummer/Folgebezeichnung 6
500 ## - Allgemeine Fußnote
Allgemeine Fußnote Literaturverz. S. 126 - 127
583 1# - Fußnote zum Bearbeitungsvermerk
Bearbeitung Archivierung/Langzeitarchivierung gewährleistet
Autorisierende Stelle PEBW
Quelle der Ansetzung oder des Terms pdager
Das Unterfeld gibt die Institution an, auf die sich das Feld bezieht DE-31
583 1# - Fußnote zum Bearbeitungsvermerk
Bearbeitung Archivierung prüfen
Zeit/Datum der Bearbeitung 20240324
Autorisierende Stelle DE-4165
OPAC-Notiz 1
Quelle der Ansetzung oder des Terms pdager
651 #0 - Nebeneintragung unter einem Schlagwort - Geografischer Name
Geografischer Name Berlin (Germany)
Allgemeine Unterteilung History
951 ## - EQUIVALENCE OR CROSS-REFERENCE--GEOGRAPHIC NAME/AREA NAME [OBSOLETE] [CAN/MARC only]
Geografischer Name BO
830 #0 - Nebeneintragung unter dem Gesamttitel - Einheitstitel
Einheitstitel Meyers Forum
Bandnummer/Folgebezeichnung 6
Koha-Normdatenidentnummer 6,
Datensatzkontrollnummer (DE-627)169224260
-- (DE-576)030499828
-- (DE-600)914916-8
Kontrollunterfeld am
856 42 - Elektronische Adresse und Zugriff
URL <a href="http://d-nb.info/921066902/04">http://d-nb.info/921066902/04</a>
Kontaktstelle für Hilfe beim Zugriff B:DE-101
Elektronisches Format pdf/application
Zugriffszeiten 20161126003402
Spezifische Materialangaben Inhaltsverzeichnis
883 ## - Maschinell generierte Metadatenprovenienz
Feldverknüpfung und Reihenfolge 1
Generierungsprozess cgwrk
Erstellungsdatum der Kopie 20241001
Einrichtung, welche die Kopien erstellt hat DE-101
URL https://d-nb.info/provenance/plan#cgwrk
936 rv - OCLC/CONSER MISCELLANEOUS DATA (OCLC); PIECE USED FOR CATALOGING (pre-AACR2) (RLIN)
OCLC control number(s) of parallel record(s) (OCLC); Piece used for cataloging, PUC (RLIN) NR 6910
936 bk - OCLC/CONSER MISCELLANEOUS DATA (OCLC); PIECE USED FOR CATALOGING (pre-AACR2) (RLIN)
OCLC control number(s) of parallel record(s) (OCLC); Piece used for cataloging, PUC (RLIN) 15.46
942 ## - Zusätzliche Felder (Koha)
Klassifikation oder Aufstellungssystematik Andere/Generische Klassifikation
Koha-Medientyp Bücher
Exemplare
Ausgeschieden Verloren Klassifikation oder Aufstellungssystematik Beschädigt Nicht entleihbar Heimatbibliothek Aufenthaltsbibliothek Aufstellungsort Erwerbungsdatum Lieferant Anzahl Ausleihen Signatur Letzte Aktivität Exemplarnummer Preis gültig von Koha-Medientyp
    Andere/Generische Klassifikation     Stadtarchiv Frankfurt (Oder) | Archivbibliothek Stadtarchiv Frankfurt (Oder) | Archivbibliothek Magazin 28/04/2025 OB-Büro   I: 2920 28/04/2025 44/2015 28/04/2025 Bücher